00833nam a2200217Ia 4500001001800000003000900018008004100027040002300068041001300091100001200104240004800116245012200164250001500286260003800301300001900339490003000358500002900388501012400417520004000541700003400581972-IMP az (7990)IT-MiSPE171229s9999||||xx |||||||||||||| ||und|| aIT-MiSPEcIT-MiSPE aITALIANO aAA.VV.  aCodice Ramirez, manuscrito del siglo XVI... 0aL'impero degli Aztechi nella sua tradizione storicabIl "Codice Ramirez", manoscritto della prima metà del sec. XVI a1a ed. (v) aCinisello B.mobEd. Paolinec1985 a360 p. c22 cm aIl fascino dell'ignotov4 aRamirez, Codice; Aztechi aEdizioni San Paolo srl - Piazza Soncino, 5 - 20092 CINISELLO BALSAMO (MI) (non commercial uses only) ® Copyright 2018 aGiorgio Silvini (intr., note). Ill. aGiorgio Silvinig(traduzione)